Sports Quiz

Random Sports or NHL Quiz

Hosted NBA and Stanley Cup Finals Quiz Stats

 Plays Quiz not verified by Sporcle

Challenge
Share
Tweet
Embed
Score 0/8 Timer 02:00
0 Plays Today
Year Arena % Correct
1994Madison Square Garden
84.4%
1957Boston Garden
61.5%
1972Madison Square Garden
59.8%
1958Boston Garden
56.6%
1974Boston Garden
54.1%
1992Chicago Stadium
51.6%
2003Continental Airlines Arena
41%
1980The Spectrum
38.5%

You're not logged in!

Compare scores with friends on all Sporcle quizzes.
OR
Log In

You Might Also Like...

Show Comments

Extras

Top Quizzes Today


Score Distribution

Your Account Isn't Verified!

In order to create a playlist on Sporcle, you need to verify the email address you used during registration. Go to your Sporcle Settings to finish the process.

Report this User

Report this user for behavior that violates our Community Guidelines.

Details: